Scénario pour 200 ans

Gardado en:
Detalles Bibliográficos
Formato: Libro
Idioma:Undetermined
Publicado: Paris Albin Michel 1976
Những chủ đề:
Các nhãn: Engadir etiqueta
Sen Etiquetas, Sexa o primeiro en etiquetar este rexistro!
Thư viện lưu trữ: Trung tâm Học liệu Trường Đại học Cần Thơ
LEADER 00496nam a2200193Ia 4500
001 CTU_85902
008 210402s9999 xx 000 0 und d
082 |a 303.49 
082 |b S289 
245 0 |a Scénario pour 200 ans 
245 0 |c Herman Kahn ... [et al.] 
260 |a Paris 
260 |b Albin Michel 
260 |c 1976 
650 |a Twenty-first century 
650 |x Forecasts 
650 |z United states 
904 |i Năm 
980 |a Trung tâm Học liệu Trường Đại học Cần Thơ